000 00688nam a22002177a 4500
003 UA-OsUOA
001 90754
007 ta
008 20121120b un ||||| |||| 00| 0 ukr d
100 _aМартиненко В.
090 _a82
_bМ29
942 _cSA
040 _aUA-OsUOA
_bukr
_cUA-OsUOA
_dUA-OsUOA
245 _aТруднощі сприймання художніх творів молодшими школярами
300 _aС.16-20
955 _a0
041 _aukr
080 _a82
773 0 _w90750
_tУкраїнська мова і література в школі
_dК.
_d2012
_g6
650 7 _a82 Література. Літературознавство
_2UDC
999 _c377025
_d377025